Consulting Success The Proven Guide to Start, Run and Grow a Successful Consulting Business
Salvato in:
| Autore principale: | |
|---|---|
| Natura: | Libro |
| Lingua: | inglese |
| Pubblicazione: |
[S.l.]
Consulting Success and Advicetap Digital
2018
|
| Soggetti: | |
| Tags: |
Nessun Tag, puoi essere il primo ad aggiungerne!!
|
MARC
| LEADER | 00000nam a2200000 4500 | ||
|---|---|---|---|
| 001 | 0288890 | ||
| 005 | 20240416113827.2 | ||
| 020 | |a 978-1-7750411-1-5 | ||
| 041 | 0 | |a eng | |
| 044 | |a US | ||
| 245 | 1 | 0 | |a Consulting Success |b The Proven Guide to Start, Run and Grow a Successful Consulting Business |c Michael Zipursky |
| 264 | 1 | |a [S.l.] |b Consulting Success and Advicetap Digital |c 2018 | |
| 300 | |a 305 s. | ||
| 610 | 2 | 0 | |a konzultácie |
| 610 | 2 | 0 | |a konzultanti |
| 610 | 2 | 0 | |a marketing |
| 610 | 2 | 0 | |a podnikanie |
| 100 | 1 | |a Zipursky, Michael | |